Premostené cyklické aminokyseliny, farmaceutická kompozícia obsahujúca tieto aminokyseliny. C07C 229/28

Podrobná bibliografia
Hlavný autor: Bryans, Justin Stephen (Autor)
Médium: Kniha
Jazyk:neznámy jazyk
Vydavateľské údaje: Úrad priemyselného vlastníctva SR 2002

MARC

LEADER 00000nam a2200000 a 4500
001 vtls001455175
003 SK-MaSNL
005 20260301163147.0
008 240318s2002 xx g 0000yyund
035 |a SNK000410482 
040 |a SNK  |b slo  |c SNK  |e AACR2 
100 1 |a Bryans, Justin Stephen  |4 aut  |9 528774 
245 1 0 |a Premostené cyklické aminokyseliny, farmaceutická kompozícia obsahujúca tieto aminokyseliny. C07C 229/28 
260 |b Úrad priemyselného vlastníctva SR  |c 2002 
999 |c 815960  |d 817890 
952 |t P60, <04>, [BOOK], {604}  |a SNK  |b SNK  |y VYP  |7 0  |p 17A0385798  |o snkSK 282848  |i snkPS 472/2003  |0 0  |1 0  |4 0  |d 2003-06-12  |l 0  |r 2005-01-02 00:00:00  |w 2026-02-24